00493nam a22001217a 4500003000200000005001700002008004100019040002000060100003100080245018700111260006300298300001000361020160609172359.0130814t xxu||||| |||| 00| 0 eng d aBUACbFrcBEPAC aAGBOHOUNGBO Serge Agossou  aReproduction artificielle et élevage larvaire du poisson-chat africain Clarias gariepinus : cas de la ferme piscicole SENA dans la commune d’Avrankou cAGBOHOUNGBO Serge Agossou  aAbomey-CalavibEcole Polytechnique d’Abomey-Calavic2007 a51 p.